[Event "HUN-chT U18"]
[Site "Budapest"]
[Date "2022.11.03"]
[Round "6.1"]
[White "Bilku, Andras"]
[Black "Kelemen, Szabolcs"]
[Result "1/2-1/2"]
[WhiteElo "1788"]
[BlackElo "1915"]
[PlyCount "43"]
[EventDate "2022.10.31"]
[EventType "team-swiss"]
[EventRounds "7"]
[EventCountry "HUN"]
[SourceTitle "CBM 211 Extra"]
[Source "ChessBase"]
[SourceDate "2023.01.31"]
[SourceVersion "1"]
[SourceVersionDate "2023.01.31"]
[SourceQuality "1"]
[WhiteTeam "Varosgazda Akademia"]
[BlackTeam "Barcza GSC"]
[WhiteTeamCountry "HUN"]
[BlackTeamCountry "HUN"]

1. d4 Nf6 2. c4 g6 3. Nc3 d5 4. cxd5 Nxd5 5. e4 Nxc3 6. bxc3 Bg7 7. Bc4 c5 8. Ne2 Nc6 9. Be3 0-0 10. 0-0 cxd4 11. cxd4 Bg4 12. f3 Na5 13. Bd3 Be6 14. d5 Bxa1 15. Qxa1 f6 16. Qd4 Bd7 17. e5 fxe5 18. Qxe5 Bf5 19. Bd4 Rf6 20. Bxf5 gxf5 21. Qg3+ Rg6 22. Qe5 1/2-1/2

[Event "HUN-chT U18"]
[Site "Budapest"]
[Date "2022.11.02"]
[Round "4.1"]
[White "Vegh, Benedek"]
[Black "Kelemen, Szabolcs"]
[Result "0-1"]
[WhiteElo "1677"]
[BlackElo "1915"]
[PlyCount "50"]
[EventDate "2022.10.31"]
[EventType "team-swiss"]
[EventRounds "7"]
[EventCountry "HUN"]
[SourceTitle "CBM 211 Extra"]
[Source "ChessBase"]
[SourceDate "2023.01.31"]
[SourceVersion "1"]
[SourceVersionDate "2023.01.31"]
[SourceQuality "1"]
[WhiteTeam "Tamasi Szabadido"]
[BlackTeam "Barcza GSC"]
[WhiteTeamCountry "HUN"]
[BlackTeamCountry "HUN"]

1. c4 e5 2. Nc3 Nc6 3. g3 g6 4. Bg2 Bg7 5. Nf3 d6 6. 0-0 f5 7. d3 Nf6 8. Rb1 0-0 9. b4 Nh5 10. b5 Ne7 11. Qb3 Kh8 12. a4 f4 13. a5 Rb8 14. b6 axb6 15. axb6 c6 16. Bb2 Bg4 17. Rbd1 Nf5 18. Ne4 fxg3 19. Nxg3 Nf4 20. Rfe1 Nxg2 21. Kxg2 Bxf3+ 22. exf3 Nh4+ 23. Kh1 Nxf3 24. Re4 Qg5 25. Qb4 Qh6 0-1

[Event "HUN-chT U18"]
[Site "Budapest"]
[Date "2019.10.28"]
[Round "5.3"]
[White "Monduk, Ferenc"]
[Black "Kelemen, Szabolcs"]
[Result "0-1"]
[WhiteElo "1987"]
[BlackElo "1960"]
[PlyCount "94"]
[EventDate "2019.10.26"]
[EventType "team-swiss"]
[EventRounds "7"]
[EventCountry "HUN"]
[SourceTitle "CBM 192 Extra"]
[Source "Chessbase"]
[SourceDate "2019.11.06"]
[SourceVersion "1"]
[SourceVersionDate "2019.11.06"]
[SourceQuality "1"]
[WhiteTeam "Dunaharaszti"]
[BlackTeam "Barcza Gedeon"]
[WhiteTeamCountry "HUN"]
[BlackTeamCountry "HUN"]

1. d4 Nf6 2. c4 g6 3. Nc3 d5 4. cxd5 Nxd5 5. e4 Nxc3 6. bxc3 Bg7 7. Bc4 c5 8. Ne2 0-0 9. 0-0 Nc6 10. Be3 cxd4 11. cxd4 Bg4 12. f3 Na5 13. Bd3 Be6 14. e5 Bc4 15. Nf4 Rc8 16. Rc1 b5 17. Rf2 Bxd3 18. Rxc8 Qxc8 19. Qxd3 Nc4 20. Rc2 Rd8 21. Qe4 Qa6 22. Bf2 Qa5 23. h4 e6 24. h5 Bh6 25. hxg6 hxg6 26. Nd3 Rd5 27. Bh4 Qb6 28. Bf2 Qd8 29. Nf4 Rd7 30. Nd3 Rc7 31. Nc5 Qg5 32. a4 Ne3 33. Bh4 Qf5 34. Qa8+ Kh7 35. Bf6 Bg7 36. Bxg7 Kxg7 37. Nxe6+ Qxe6 38. Rxc7 Qa2 39. f4 Qe2 40. Rc1 Qd2 41. Qc6 Ng4 42. Rf1 Qe3+ 43. Kh1 Qg3 44. Qf6+ Nxf6 45. exf6+ Kxf6 46. axb5 Qd3 47. Ra1 Qxd4 0-1

[Event "HUN-chT U18"]
[Site "Budapest"]
[Date "2019.10.27"]
[Round "2.3"]
[White "Pribelszky, Bence"]
[Black "Kelemen, Szabolcs"]
[Result "0-1"]
[WhiteElo "2191"]
[BlackElo "1960"]
[PlyCount "172"]
[EventDate "2019.10.26"]
[EventType "team-swiss"]
[EventRounds "7"]
[EventCountry "HUN"]
[SourceTitle "CBM 192 Extra"]
[Source "Chessbase"]
[SourceDate "2019.11.06"]
[SourceVersion "1"]
[SourceVersionDate "2019.11.06"]
[SourceQuality "1"]
[WhiteTeam "Miskolc Kisbocsok"]
[BlackTeam "Barcza Gedeon"]
[WhiteTeamCountry "HUN"]
[BlackTeamCountry "HUN"]

1. Nf3 Nf6 2. g3 g6 3. b3 Bg7 4. Bb2 0-0 5. Bg2 d5 6. 0-0 c6 7. d3 Nbd7 8. Nbd2 b6 9. e4 Qc7 10. Re1 dxe4 11. dxe4 Rd8 12. Qb1 e5 13. Bf1 Ne8 14. Bc3 Nc5 15. Qb2 f6 16. b4 Ne6 17. Qb3 Kh8 18. Rad1 Nf8 19. Bb2 Nd6 20. c3 Be6 21. Qc2 a5 22. a3 a4 23. Re3 b5 24. Ne1 Nd7 25. c4 Qb7 26. c5 Nf7 27. f4 Bh6 28. Ng2 Qc7 29. f5 Bxe3+ 30. Nxe3 gxf5 31. exf5 Bb3 32. Nxb3 axb3 33. Qxb3 Nf8 34. Ng4 Kg7 35. Bg2 Rxd1+ 36. Qxd1 Rd8 37. Qe2 Qd7 38. Ne3 Qd3 39. Kf2 Qd7 40. Ke1 Nh6 41. Qd1 Qc8 42. Qc2 Nf7 43. h4 Nd7 44. g4 h6 45. Nf1 e4 46. Ng3 Nfe5 47. Nxe4 Nxg4 48. Nd6 Qc7 49. Bf3 Nde5 50. Bxg4 Nxg4 51. Qe4 h5 52. Qe8 Rxd6 53. cxd6 Qxd6 54. Qe2 Qg3+ 55. Kd1 Ne3+ 56. Kc1 Nxf5 57. Kb1 Qxh4 58. Qg2+ Ng3 59. Qf2 Qe4+ 60. Ka1 Nf5 61. Qg1+ Kf7 62. Qa7+ Kg6 63. Qg1+ Qg4 64. Qc1 Qf3 65. Qg1+ Ng3 66. Qa7 h4 67. Qb8 Qd1+ 68. Ka2 Qd5+ 69. Ka1 f5 70. Qh8 Qe4 71. Qg7+ Kh5 72. Bf6 Qe1+ 73. Kb2 Qd2+ 74. Ka1 Qh6 75. Qf7+ Kg4 76. Qg8+ Kh3 77. Bg5 Qd6 78. Qh8 Qd1+ 79. Kb2 Qg4 80. Qd8 f4 81. Bf6 f3 82. Qd2 Ne4 83. Qd4 Qg2+ 84. Kc1 Qf1+ 85. Kc2 Qf2+ 86. Kd3 Qe2# 0-1

[Event "Jastrzebie Zdroj op"]
[Site "Jastrzebie Zdroj"]
[Date "2019.08.13"]
[Round "2"]
[White "Kelemen, Szabolcs"]
[Black "Sulkowski, Dawid"]
[Result "1-0"]
[WhiteElo "1939"]
[BlackElo "1604"]
[PlyCount "41"]
[EventDate "2019.08.12"]
[EventType "swiss"]
[EventRounds "9"]
[EventCountry "POL"]
[SourceTitle "CBM 191 Extra"]
[Source "ChessBase"]
[SourceDate "2019.09.30"]
[SourceVersion "1"]
[SourceVersionDate "2019.09.30"]
[SourceQuality "1"]

1. e4 c5 2. Nf3 e6 3. d4 cxd4 4. Nxd4 Nc6 5. Nc3 Qc7 6. Be3 a6 7. Qd2 Nf6 8. f3 Be7 9. 0-0-0 b5 10. g4 Bb7 11. g5 Nh5 12. f4 b4 13. Na4 e5 14. Nf5 exf4 15. Bb6 Qc8 16. Bc5 Qc7 17. Bxe7 Nxe7 18. Nd6+ Kf8 19. Be2 g6 20. Bxh5 gxh5 21. Qxf4 1-0

[Event "HUN-chT2 Breyer 1819"]
[Site "Hungary"]
[Date "2019.03.31"]
[Round "8.11"]
[White "Kelemen, Szabolcs"]
[Black "Dibusz, Ferenc"]
[Result "1-0"]
[WhiteElo "1819"]
[BlackElo "2180"]
[PlyCount "103"]
[EventDate "2018.10.28"]
[EventType "team-tourn"]
[EventRounds "9"]
[EventCountry "HUN"]
[SourceTitle "EXT 2021"]
[Source "ChessBase"]
[SourceDate "2020.10.23"]
[SourceVersion "1"]
[SourceVersionDate "2020.10.23"]
[SourceQuality "1"]
[WhiteTeam "Torokbalint"]
[BlackTeam "Naszaly Geniusz Tata"]
[WhiteTeamCountry "HUN"]
[BlackTeamCountry "HUN"]

1. e4 c5 2. Nf3 e6 3. d4 cxd4 4. Nxd4 Nf6 5. Bd3 Nc6 6. Nxc6 bxc6 7. 0-0 d5 8. e5 Nd7 9. f4 Rb8 10. b3 Ba6 11. Nc3 Bb4 12. Ne2 g6 13. Be3 Bc5 14. Bf2 Bxd3 15. cxd3 Bxf2+ 16. Rxf2 Qb6 17. Rc1 0-0 18. Nc3 Rfc8 19. d4 c5 20. Na4 Qb4 21. dxc5 Rc6 22. Qd2 Qa3 23. Qb2 Qb4 24. Qc3 Qa3 25. Rfc2 Rb4 26. g3 Re4 27. Kf2 g5 28. Re1 d4 29. Qf3 d3 30. Qxe4 dxc2 31. Qxc6 c1Q 32. Rxc1 Qxc1 33. Qxd7 Qc2+ 34. Kf3 g4+ 35. Kxg4 Qe2+ 36. Kg5 Kg7 37. Nc3 h6+ 38. Kh4 Qxh2+ 39. Kg4 Qc2 40. Qd4 h5+ 41. Kf3 Qc1 42. Qe3 Qf1+ 43. Ke4 a5 44. c6 Qg2+ 45. Qf3 Qc2+ 46. Kd4 Qd2+ 47. Kc4 Qd8 48. Qd3 Qb6 49. Qd7 Qa6+ 50. Nb5 a4 51. c7 axb3 52. axb3 1-0

[Event "Budapest-chT1 Lilienthal 1718"]
[Site "Budapest"]
[Date "2018.04.15"]
[Round "13"]
[White "Kelemen, Szabolcs"]
[Black "Demjen, Mark"]
[Result "0-1"]
[WhiteElo "1741"]
[BlackElo "1753"]
[PlyCount "104"]
[EventDate "2017.10.01"]
[EventType "team-tourn"]
[EventRounds "13"]
[EventCountry "HUN"]
[SourceTitle "EXT 2021"]
[Source "ChessBase"]
[SourceDate "2020.10.23"]
[SourceVersion "1"]
[SourceVersionDate "2020.10.23"]
[SourceQuality "1"]
[WhiteTeam "Barcza GSC"]
[BlackTeam "Penzugyor III"]
[WhiteTeamCountry "HUN"]
[BlackTeamCountry "HUN"]

1. e4 e5 2. Nf3 Nc6 3. Bc4 Bc5 4. c3 Nf6 5. d3 d6 6. 0-0 0-0 7. Re1 Be6 8. Bb3 h6 9. Bc2 d5 10. exd5 Nxd5 11. Qe2 Bd6 12. h3 f5 13. b4 a6 14. a3 Nde7 15. Nbd2 Ng6 16. Nf1 Qd7 17. c4 Rae8 18. c5 Be7 19. Bb2 Bf6 20. Qd2 e4 21. Bxf6 exf3 22. Bb2 fxg2 23. Nh2 f4 24. Qc3 Bxh3 25. d4 Bf5 26. Rxe8 Rxe8 27. d5 Nce5 28. Bxf5 Qxf5 29. Re1 f3 30. Re3 Nf4 31. Nxf3 Ne2+ 32. Rxe2 Nxf3+ 33. Qxf3 Qxf3 34. Rxe8+ Kf7 35. Re3 Qxd5 36. Rg3 g6 37. Rxg2 Qe4 38. Kh2 Ke6 39. Rg3 Kd5 40. Bc1 h5 41. Be3 Kc4 42. Kg1 Kb5 43. Kh2 Ka4 44. Bg5 h4 45. Re3 Qg4 46. Bd8 Qf4+ 47. Kg2 g5 48. Be7 Qf5 49. Kg1 h3 50. Rg3 g4 51. Bd8 Qe4 52. Rc3 Qg2# 0-1

[Event "Budapest-chT1 Lilienthal 1718"]
[Site "Budapest"]
[Date "2018.01.14"]
[Round "6"]
[White "Kovacs, Milan"]
[Black "Kelemen, Szabolcs"]
[Result "1-0"]
[WhiteElo "2040"]
[BlackElo "1741"]
[PlyCount "87"]
[EventDate "2017.10.01"]
[EventType "team-tourn"]
[EventRounds "13"]
[EventCountry "HUN"]
[SourceTitle "EXT 2021"]
[Source "ChessBase"]
[SourceDate "2020.10.23"]
[SourceVersion "1"]
[SourceVersionDate "2020.10.23"]
[SourceQuality "1"]
[WhiteTeam "Mattolda"]
[BlackTeam "Barcza GSC"]
[WhiteTeamCountry "HUN"]
[BlackTeamCountry "HUN"]

1. e4 c5 2. f4 Nc6 3. Nf3 g6 4. Bc4 Bg7 5. 0-0 e6 6. Ng5 d5 7. Be2 Nge7 8. d3 0-0 9. c3 Rb8 10. a4 Qc7 11. Na3 a6 12. e5 h6 13. Nf3 b6 14. Bd2 Bb7 15. Rc1 Qd7 16. d4 c4 17. b3 cxb3 18. Qxb3 Qd8 19. Rb1 Bc8 20. Rfd1 Na5 21. Qc2 Nec6 22. Be1 Re8 23. c4 dxc4 24. Nxc4 Nxc4 25. Qxc4 Bf8 26. Qxc6 Bd7 27. Qc2 a5 28. Bb5 Be7 29. Qd3 Bxb5 30. Rxb5 Qd7 31. Rdb1 Qc7 32. Qc3 Qd7 33. Qb3 Rec8 34. Bxa5 Bd8 35. Bb4 Ra8 36. Bd6 Qc6 37. h3 Ra6 38. Ba3 Rca8 39. Qb4 Qe8 40. a5 Rxa5 41. Qd2 Qc6 42. f5 exf5 43. Qxh6 Rxb5 44. Bf8 1-0

[Event "Budapest Gyorgy Memorial 2nd"]
[Site "Budapest"]
[Date "2017.10.15"]
[Round "7.1"]
[White "Adamczyk, Zuzanna"]
[Black "Kelemen, Szabolcs"]
[Result "0-1"]
[WhiteElo "1737"]
[BlackElo "1741"]
[PlyCount "86"]
[EventDate "2017.10.12"]
[EventType "swiss"]
[EventRounds "7"]
[EventCountry "HUN"]
[SourceTitle "EXT 2019"]
[Source "ChessBase"]
[SourceDate "2018.10.10"]
[SourceVersion "1"]
[SourceVersionDate "2018.10.10"]
[SourceQuality "1"]

1. e4 c5 2. Nf3 Nc6 3. d4 cxd4 4. Nxd4 g6 5. c4 Nf6 6. Nc3 d6 7. Be2 Nxd4 8. Qxd4 Bg7 9. 0-0 0-0 10. Qd3 a5 11. Kh1 a4 12. Rb1 Be6 13. f3 Nd7 14. Qc2 Nc5 15. Be3 Qa5 16. Rfc1 Rfc8 17. Qd1 Nd7 18. Nd5 Bxd5 19. cxd5 h5 20. Bd4 Nc5 21. Bxg7 Kxg7 22. Qd4+ Kh7 23. f4 Nd7 24. Bf3 Rc7 25. Rc3 Rac8 26. Rbc1 Rxc3 27. bxc3 b5 28. a3 Rc4 29. Qe3 Qb6 30. Qe2 Nc5 31. f5 Kg7 32. fxg6 fxg6 33. Rf1 Nd7 34. g4 hxg4 35. Bxg4 Nf6 36. Bf5 gxf5 37. Qg2+ Kf7 38. Rg1 Ke8 39. Qg6+ Kd8 40. exf5 Qf2 41. Qf7 Qf3+ 42. Rg2 Rg4 43. Qf8+ Ne8 0-1

[Event "Budapest Gyorgy Memorial 2nd"]
[Site "Budapest"]
[Date "2017.10.14"]
[Round "4.2"]
[White "Kelemen, Szabolcs"]
[Black "Cimpean, Andra"]
[Result "0-1"]
[WhiteElo "1741"]
[BlackElo "1899"]
[PlyCount "110"]
[EventDate "2017.10.12"]
[EventType "swiss"]
[EventRounds "7"]
[EventCountry "HUN"]
[SourceTitle "EXT 2019"]
[Source "ChessBase"]
[SourceDate "2018.10.10"]
[SourceVersion "1"]
[SourceVersionDate "2018.10.10"]
[SourceQuality "1"]

1. e4 d5 2. exd5 Qxd5 3. Nc3 Qd6 4. d4 c6 5. Bc4 Bf5 6. Nge2 e6 7. Bf4 Qd8 8. Ng3 Bg6 9. Qd2 Nf6 10. Be5 Nbd7 11. Qe2 Nxe5 12. dxe5 Nd5 13. Nxd5 exd5 14. Bb3 Qa5+ 15. c3 0-0-0 16. 0-0 Bc5 17. Bc2 Qc7 18. b4 Bxc2 19. Qxc2 Bb6 20. Qf5+ Qd7 21. Qf3 Bc7 22. Qe3 Rhe8 23. Qxa7 Rxe5 24. a4 Bb8 25. Qd4 Re6 26. a5 Be5 27. Qd3 Qc7 28. a6 b5 29. Ra3 g6 30. Rfa1 Qa7 31. Rd1 Rde8 32. Raa1 Kb8 33. Kf1 Bxg3 34. Qxg3+ Ka8 35. Ra2 Qe7 36. Raa1 Re2 37. a7 Qe5 38. Qxe5 R2xe5 39. Re1 Rxe1+ 40. Rxe1 Rxe1+ 41. Kxe1 Kxa7 42. Ke2 Kb6 43. Ke3 c5 44. Kd3 Kc6 45. Ke3 Kd6 46. g3 d4+ 47. Kd3 dxc3 48. Kxc3 c4 49. Kd4 Ke6 50. Ke4 Kf6 51. Kd4 Kf5 52. f3 f6 53. h3 h6 54. f4 g5 55. fxg5 fxg5 0-1

[Event "Budapest Gyorgy Memorial 1st"]
[Site "Budapest"]
[Date "2016.11.10"]
[Round "1.1"]
[White "Ciocan, Ariana Roxana"]
[Black "Kelemen, Szabolcs"]
[Result "0-1"]
[WhiteElo "1365"]
[BlackElo "1756"]
[PlyCount "88"]
[EventDate "2016.11.10"]
[EventType "swiss"]
[EventRounds "7"]
[EventCountry "HUN"]
[SourceTitle "EXT 2018"]
[Source "ChessBase"]
[SourceDate "2017.10.13"]
[SourceVersion "1"]
[SourceVersionDate "2017.10.13"]
[SourceQuality "1"]

1. e4 c5 2. Nf3 Nc6 3. d4 cxd4 4. Nxd4 g6 5. Nc3 Bg7 6. Be3 Nf6 7. f3 0-0 8. Qd2 d5 9. Bd3 Nxd4 10. Bxd4 dxe4 11. Bxf6 exd3 12. Bxg7 Kxg7 13. Qxd3 Qxd3 14. cxd3 Rd8 15. 0-0-0 Bf5 16. Ne4 Rd4 17. g4 Be6 18. Kb1 Rad8 19. Nc5 Bd5 20. Rhf1 b6 21. Nb3 Bxb3 22. axb3 Rxd3 23. Rxd3 Rxd3 24. Kc2 Re3 25. h4 Kf6 26. f4 Rg3 27. f5 Rxg4 28. fxg6+ Kxg6 29. Re1 e6 30. Ra1 a5 31. Rh1 h5 32. Kc1 f5 33. Rh2 f4 34. Kd2 Kf5 35. Kc2 f3 36. Kc3 Kf4 37. Rh3 f2 38. Rh1 Rg1 39. Rxg1 fxg1Q 40. Kc2 Qe3 41. Kd1 Qxb3+ 42. Ke1 Qxb2 43. Kd1 Kf3 44. Ke1 Qc1# 0-1

[Event "HUN-chT U18"]
[Site "Hajduboszormeny"]
[Date "2016.11.05"]
[Round "6.28"]
[White "Valyi, Blanka Borbala"]
[Black "Kelemen, Szabolcs"]
[Result "1-0"]
[WhiteElo "1842"]
[BlackElo "1798"]
[PlyCount "57"]
[EventDate "2016.11.02"]
[EventType "team-swiss"]
[EventRounds "8"]
[EventCountry "HUN"]
[SourceTitle "CBM 175 Extra"]
[Source "ChessBase"]
[SourceDate "2016.12.12"]
[SourceVersion "1"]
[SourceVersionDate "2016.12.12"]
[SourceQuality "1"]

1. d4 Nf6 2. Nf3 g6 3. g3 Bg7 4. Bg2 0-0 5. 0-0 d5 6. c4 Nc6 7. cxd5 Nxd5 8. e4 Nb6 9. d5 Na5 10. Nc3 Bg4 11. h3 Bxf3 12. Qxf3 Nac4 13. Rb1 c6 14. Rd1 cxd5 15. Nxd5 Nxd5 16. Rxd5 Qb6 17. b3 Rfd8 18. Bf4 e6 19. Rxd8+ Rxd8 20. Rc1 Ne5 21. Qe3 Qa6 22. Rc2 Nc6 23. e5 h5 24. h4 Qb5 25. Rc5 Qa6 26. Rc2 Rd1+ 27. Kh2 Ne7 28. Qf3 Nc6 29. Qxd1 1-0

[Event "HUN-ch U12"]
[Site "Balatonlelle"]
[Date "2016.06.28"]
[Round "6"]
[White "Kelemen, Szabolcs"]
[Black "Virag, Balint"]
[Result "1-0"]
[WhiteElo "1808"]
[BlackElo "1737"]
[PlyCount "63"]
[EventDate "2016.06.24"]
[EventType "swiss"]
[EventRounds "9"]
[EventCountry "HUN"]
[SourceTitle "CBM 173 Extra"]
[Source "ChessBase"]
[SourceDate "2016.08.29"]
[SourceVersion "1"]
[SourceVersionDate "2016.08.29"]
[SourceQuality "1"]

1. e4 c5 2. Nf3 Nc6 3. d4 cxd4 4. Nxd4 Nf6 5. Nc3 e5 6. Ndb5 d6 7. Bg5 a6 8. Na3 b5 9. Bxf6 gxf6 10. Nd5 Bg7 11. c4 f5 12. Bd3 0-0 13. cxb5 axb5 14. Nxb5 fxe4 15. Bxe4 f5 16. Nf6+ Bxf6 17. Bxc6 Ra6 18. 0-0 Kh8 19. Bd5 e4 20. Rb1 Be5 21. Kh1 Qh4 22. g3 Qh3 23. f4 Bg7 24. Nc7 Rb6 25. b4 Bc3 26. a4 Qh6 27. a5 Rxb4 28. Rxb4 Bxb4 29. Nb5 Qf6 30. Qa4 Qb2 31. a6 Qe2 32. Qa1+ 1-0

[Event "HUN-ch U12"]
[Site "Balatonlelle"]
[Date "2016.06.25"]
[Round "3"]
[White "Karacsonyi, Gellert"]
[Black "Kelemen, Szabolcs"]
[Result "1-0"]
[WhiteElo "2019"]
[BlackElo "1808"]
[PlyCount "97"]
[EventDate "2016.06.24"]
[EventType "swiss"]
[EventRounds "9"]
[EventCountry "HUN"]
[SourceTitle "CBM 173 Extra"]
[Source "ChessBase"]
[SourceDate "2016.08.29"]
[SourceVersion "1"]
[SourceVersionDate "2016.08.29"]
[SourceQuality "1"]

1. e4 c5 2. Nf3 Nc6 3. d4 cxd4 4. Nxd4 g6 5. c4 Nf6 6. Nc3 d6 7. Be2 Nxd4 8. Qxd4 Bg7 9. f3 0-0 10. Qf2 Be6 11. Bd2 Qd7 12. 0-0 Rfc8 13. Nd5 Bxd5 14. exd5 Qc7 15. Bc3 Nd7 16. Bxg7 Kxg7 17. Qd4+ Kg8 18. Kf2 a5 19. h4 Qc5 20. Qxc5 Nxc5 21. b3 Kg7 22. g4 Rg8 23. Bd1 h5 24. gxh5 gxh5 25. Rg1+ Kh6 26. Be2 Rg6 27. f4 Rag8 28. Rg5 Ne4+ 29. Ke3 Nxg5 30. hxg5+ Kh7 31. Bxh5 R6g7 32. Rh1 Rg6 33. Bxg6+ Kxg6 34. a3 b6 35. Ke4 Rc8 36. Kd4 Kf5 37. Re1 Rc7 38. Rf1 f6 39. gxf6 Kxf6 40. Rh1 Kf5 41. Rh8 Rb7 42. Rf8+ Kg6 43. a4 Kg7 44. Rc8 Kf6 45. Ke4 Kg6 46. Kd4 Kf6 47. Kc3 Kf5 48. Rf8+ Ke4 49. Rf7 1-0

[Event "Budapest Karacsonyi 7th"]
[Site "Budapest"]
[Date "2015.12.29"]
[Round "5"]
[White "Kelemen, Szabolcs"]
[Black "Bolyai, Istvan"]
[Result "0-1"]
[WhiteElo "1845"]
[BlackElo "1965"]
[PlyCount "49"]
[EventDate "2015.12.27"]
[EventType "swiss"]
[EventRounds "7"]
[EventCountry "HUN"]
[SourceTitle "CBM 170 Extra"]
[Source "ChessBase"]
[SourceDate "2016.02.25"]
[SourceVersion "1"]
[SourceVersionDate "2016.02.25"]
[SourceQuality "1"]

1. e4 e5 2. Nf3 Nc6 3. d4 exd4 4. Bc4 d6 5. Nxd4 Nxd4 6. Qxd4 Nf6 7. 0-0 Be7 8. Nc3 0-0 9. Qd3 Be6 10. Bxe6 fxe6 11. f4 Nd7 12. Qh3 Rf6 13. f5 exf5 14. exf5 Rf7 15. Re1 c6 16. Bf4 Qb6+ 17. Kh1 d5 18. Qg3 Qxb2 19. Rab1 Qxc2 20. Rxb7 Qxf5 21. Be3 a5 22. Qc7 Bb4 23. Qxc6 Rd8 24. Rxb4 axb4 25. Nxd5 0-1

[Event "HUN-chT2 Breyer 1516"]
[Site "Hungary"]
[Date "2015.12.06"]
[Round "6.9"]
[White "Kovacs, Istvan"]
[Black "Kelemen, Szabolcs"]
[Result "0-1"]
[WhiteElo "1897"]
[BlackElo "1762"]
[PlyCount "92"]
[EventDate "2015.09.13"]
[EventType "team-tourn"]
[EventRounds "11"]
[EventCountry "HUN"]
[SourceTitle "CBM 170 Extra"]
[Source "ChessBase"]
[SourceDate "2016.02.25"]
[SourceVersion "1"]
[SourceVersionDate "2016.02.25"]
[SourceQuality "1"]
[WhiteTeam "Szazhalombatta"]
[BlackTeam "TTC Sakk"]
[WhiteTeamCountry "HUN"]
[BlackTeamCountry "HUN"]

1. d4 Nf6 2. c4 g6 3. Nc3 d5 4. cxd5 Nxd5 5. e4 Nxc3 6. bxc3 Bg7 7. Be3 c5 8. Bb5+ Bd7 9. Bxd7+ Qxd7 10. Ne2 Qg4 11. Ng3 Qd7 12. 0-0 cxd4 13. Bxd4 0-0 14. Rb1 b6 15. f4 Bxd4+ 16. cxd4 Rd8 17. d5 Na6 18. Qf3 Nc5 19. f5 Rf8 20. h4 h6 21. e5 Kh7 22. Rbd1 Qc7 23. Qe3 e6 24. d6 Qc6 25. f6 Nd7 26. Rc1 Qd5 27. Rfe1 Qxa2 28. Rc7 Nc5 29. h5 Qd5 30. hxg6+ Kxg6 31. Qe2 Qd4+ 32. Kf1 Qf4+ 33. Qf3 Qxf3+ 34. gxf3 a5 35. Rb1 Nd3 36. Rb5 a4 37. Ke2 Nc5 38. Rxb6 a3 39. Rb1 a2 40. Ra1 Nb3 41. Rxa2 Rxa2+ 42. Ke3 h5 43. Kf4 h4 44. Rb7 Nd4 45. Rb1 Nf5 46. Rg1 Rg2 0-1

[Event "HUN-chT2 Breyer 1516"]
[Site "Hungary"]
[Date "2015.10.04"]
[Round "2.7"]
[White "Dolnik, Attila"]
[Black "Kelemen, Szabolcs"]
[Result "1-0"]
[WhiteElo "2153"]
[BlackElo "1762"]
[PlyCount "61"]
[EventDate "2015.09.13"]
[EventType "team-tourn"]
[EventRounds "11"]
[EventCountry "HUN"]
[SourceTitle "CBM 170 Extra"]
[Source "ChessBase"]
[SourceDate "2016.02.25"]
[SourceVersion "1"]
[SourceVersionDate "2016.02.25"]
[SourceQuality "1"]
[WhiteTeam "Kisber Aszar"]
[BlackTeam "TTC Sakk"]
[WhiteTeamCountry "HUN"]
[BlackTeamCountry "HUN"]

1. e4 c5 2. c3 d5 3. exd5 Qxd5 4. d4 Nf6 5. Nf3 Bg4 6. Be2 e6 7. 0-0 Nc6 8. Be3 cxd4 9. cxd4 Be7 10. Nc3 Qd6 11. a3 0-0 12. Rc1 Rfd8 13. Qa4 a6 14. b4 b5 15. Qb3 Rac8 16. Rfd1 Qb8 17. h3 Bh5 18. d5 exd5 19. Nxd5 Nxd5 20. Rxd5 Bxf3 21. Bxf3 Ne5 22. Be4 Rc4 23. Qb1 Kh8 24. Rcd1 Rxd5 25. Bxd5 Rc3 26. Bd4 Rc8 27. Qf5 f6 28. Be4 Ng6 29. Qe6 Rd8 30. Bxg6 Bd6 31. Bc2 1-0

[Event "Budapest-chT1 Lilienthal 1516"]
[Site "Budapest"]
[Date "2015.09.27"]
[Round "2"]
[White "Kelemen, Szabolcs"]
[Black "Kovacs, Gabor Etele"]
[Result "0-1"]
[WhiteElo "1816"]
[BlackElo "1895"]
[PlyCount "42"]
[EventDate "2015.09.20"]
[EventType "team-tourn"]
[EventRounds "9"]
[EventCountry "HUN"]
[SourceTitle "EXT 2021"]
[Source "ChessBase"]
[SourceDate "2020.10.23"]
[SourceVersion "1"]
[SourceVersionDate "2020.10.23"]
[SourceQuality "1"]
[WhiteTeam "Barcza GSC"]
[BlackTeam "Siketek"]
[WhiteTeamCountry "HUN"]
[BlackTeamCountry "HUN"]

1. e4 e6 2. d4 d5 3. Nc3 Bb4 4. Bd2 dxe4 5. a3 Be7 6. Nxe4 Qxd4 7. Nc3 Nf6 8. Nf3 Qd8 9. Bf4 Nd5 10. Nxd5 exd5 11. Qd2 c6 12. 0-0-0 Nd7 13. Re1 0-0 14. h4 Nf6 15. Bd3 c5 16. h5 c4 17. Be2 Ne4 18. Qe3 c3 19. Be5 Bc5 20. Nd4 f6 21. Bf4 Qb6 0-1

[Event "HUN-chT U18"]
[Site "Budapest"]
[Date "2015.08.30"]
[Round "8.47"]
[White "Horvath, Soma"]
[Black "Kelemen, Szabolcs"]
[Result "1-0"]
[WhiteElo "1636"]
[BlackElo "1816"]
[PlyCount "77"]
[EventDate "2015.08.26"]
[EventType "team-swiss"]
[EventRounds "8"]
[EventCountry "HUN"]
[SourceTitle "EXT 2016"]
[Source "ChessBase"]
[SourceDate "2015.10.08"]
[SourceVersion "1"]
[SourceVersionDate "2015.10.08"]
[SourceQuality "1"]

1. e4 c5 2. Nf3 Nc6 3. d4 cxd4 4. Nxd4 g6 5. Be3 Nf6 6. Nc3 Bg7 7. f3 0-0 8. Qd2 d5 9. Nxc6 bxc6 10. 0-0-0 Be6 11. Bd4 Qa5 12. a3 Rfd8 13. exd5 cxd5 14. Ne4 Qxd2+ 15. Nxd2 Rac8 16. Nb3 Bf5 17. Bd3 Bxd3 18. Rxd3 a6 19. Rhd1 Bh6+ 20. Kb1 Nd7 21. Bf2 e6 22. Na5 Ne5 23. Rb3 Nc4 24. Nxc4 dxc4 25. Rxd8+ Rxd8 26. Rc3 Rd2 27. Bg3 Rxg2 28. Rxc4 Bg5 29. b4 Rd2 30. Rc6 a5 31. bxa5 Rd5 32. a6 Rb5+ 33. Ka2 Bf6 34. a4 Ra5 35. Kb3 Bd4 36. c4 Be3 37. Bc7 Rc5 38. Rxc5 Bxc5 39. Bd6 1-0